|
|
|
|
| LEADER |
00000nam0a2200000 4500 |
| 001 |
268848 |
| 005 |
20231101234213.0 |
| 035 |
|
|
|a (RuTPU)RU\TPU\book\292004
|
| 090 |
|
|
|a 268848
|
| 100 |
|
|
|a 20140909d1986 k y0rusy50 ca
|
| 101 |
0 |
|
|a rus
|
| 102 |
|
|
|a RU
|
| 105 |
|
|
|a a z 001zy
|
| 200 |
1 |
|
|a Комплексные региональные металлогенические исследования для оценки рудоносности главных типов геоструктур земной коры
|e сборник научных трудов
|f Всесоюзный научно-исследовательский геологический институт (ВСЕГЕИ) ; под ред. Т. В. Билибиной , А. А. Смыслова
|
| 210 |
|
|
|a Ленинград
|c Изд-во ВСЕГЕИ
|d 1986
|
| 215 |
|
|
|a 101 с.
|c ил.
|
| 320 |
|
|
|a Библиография в конце статей
|
| 606 |
1 |
|
|a Металлогения
|2 stltpush
|3 (RuTPU)RU\TPU\subj\42411
|9 62078
|
| 610 |
1 |
|
|a региональные исследования
|
| 610 |
1 |
|
|a рудоносность
|
| 610 |
1 |
|
|a земная кора
|
| 610 |
1 |
|
|a геоструктуры
|
| 610 |
1 |
|
|a пласты
|
| 610 |
1 |
|
|a зональность
|
| 610 |
1 |
|
|a складчатые области
|
| 675 |
|
|
|a 553.078
|v 3
|
| 702 |
|
1 |
|a Билибина
|b Т. В.
|4 340
|
| 702 |
|
1 |
|a Смыслов
|b А. А.
|4 340
|
| 712 |
0 |
2 |
|a Всесоюзный научно-исследовательский геологический институт (ВСЕГЕИ)
|c (Ленинград)
|c (1939-1991)
|2 stltpush
|3 (RuTPU)RU\TPU\col\11367
|
| 801 |
|
1 |
|a RU
|b 63413507
|c 20140909
|
| 801 |
|
2 |
|a RU
|b 63413507
|c 20170221
|g RCR
|
| 942 |
|
|
|c BK
|